Văn hoá Việt Nam nhìn từ mẫu người văn hoá

Giới thiệu cơ sở lí thuyết về mẫu người văn hoá Việt Nam, gồm 5 mẫu người đại diện cho nền văn hoá Việt là: con người làng xã, con người vô ngã, con người quân tử, con người tài tử và con người cá nhân như: Trần Nhân Tông, Lê Thánh Tông, Nguyễn Du, Nhất Linh.....

Descripción completa

Guardado en:
Detalles Bibliográficos
Autor principal: Đỗ Lai Thuý
Formato: Libro
Lenguaje:Vietnamese
Publicado: H. Văn hoá Thông tin ; Tạp chí Văn hoá - Nghệ thuật 2005
Materias:
Etiquetas: Agregar Etiqueta
Sin Etiquetas, Sea el primero en etiquetar este registro!
Thư viện lưu trữ: Mạng thư viện Đại học Đà Nẵng
LEADER 01595aam a22004098a 4500
001 000006800
003 2960
005 20110922130924.0
008 110921s2005 viesd
020 |c 60000đ  |d 1000b 
041 |a vie 
082 1 4 |2 14  |a 306.09597  |b DO-T 
084 |a P3(1)-7 
084 |a P52(1)-7 
084 |b V115H 
100 0 |a Đỗ Lai Thuý 
245 |a Văn hoá Việt Nam nhìn từ mẫu người văn hoá  |c Đỗ Lai Thuý 
260 |a H.  |b Văn hoá Thông tin ; Tạp chí Văn hoá - Nghệ thuật  |c 2005 
300 |a 498tr.  |c 21cm 
504 |a Thư mục: tr. 493-498 
520 |a Giới thiệu cơ sở lí thuyết về mẫu người văn hoá Việt Nam, gồm 5 mẫu người đại diện cho nền văn hoá Việt là: con người làng xã, con người vô ngã, con người quân tử, con người tài tử và con người cá nhân như: Trần Nhân Tông, Lê Thánh Tông, Nguyễn Du, Nhất Linh.. 
650 7 |a Văn hoá 
650 7 |a Lịch sử 
650 7 |a Con người 
650 7 |a Giao lưu 
650 7 |a Dân tộc học 
651 7 |a Việt Nam 
OWN |a LSP 
AVA |a UDN50  |b LSP  |d 306.09597 DO-T  |e available  |t Error 5001 Not defined in file expand_doc_bib_avail.  |f 5  |g 0  |h N  |i 0  |k 1 
999 |a From the UDN01 
AVA |a UDN50  |b LSP  |d 306.09597 DO-T  |e available  |t Error 5001 Not defined in file expand_doc_bib_avail.  |f 5  |g 0  |h N  |i 0  |k 1 
TYP |a Monograph 
TYP |a Printed language 
980 |a Mạng thư viện Đại học Đà Nẵng